| 000 | 00480nam a2200205Ia 4500 | ||
|---|---|---|---|
| 003 | 0100 | ||
| 008 | 130303s9999 xx 000 0 und d | ||
| 040 | _cARRUPELIB | ||
| 050 | _aPR2823.W481987 | ||
| 100 | _aBloom, Harold (ed) | ||
| 245 | _aWilliam Shakespeare's Macbeth | ||
| 260 | _aNY | ||
| 260 | _bChelsea House Publishers | ||
| 260 | _C1987 | ||
| 300 | _a184p | ||
| 650 | _bHumanities - Methodology | ||
| 650 | _cHermeneutics | ||
| 650 | _dAesthetics | ||
| 942 | 0 | 0 | _01 |
| 999 |
_c22572 _d22572 |
||